Vzťah hospodárskej a sociálnej politiky, jeho odraz v konkrétnej praxi diplomová práca

Guardado en:
Detalles Bibliográficos
Autor principal: Slušná, Ľubica
Autor Corporativo: Národohospodárska fakulta EU. Katedra hospodárskej politiky
Otros Autores: Lábaj, Martin, 1982-
Formato: Libro
Lenguaje:eslovaco
Publicado: Bratislava 2010
Etiquetas: Agregar Etiqueta
Sin Etiquetas, Sea el primero en etiquetar este registro!

MARC

LEADER 00000nam$a2200000$$$4500
001 0120116
005 20240318123935.2
041 0 |a slo 
044 |a SK 
245 1 0 |a Vzťah hospodárskej a sociálnej politiky, jeho odraz v konkrétnej praxi  |b diplomová práca  |c Ľubica Slušná ; škol. Martin Lábaj 
264 1 |a Bratislava  |c 2010 
300 |a 75 s. 
100 1 |a Slušná, Ľubica 
700 1 |a Lábaj, Martin, 1982- 
710 2 |a Národohospodárska fakulta EU. Katedra hospodárskej politiky